000
00229nam a22000857a 4500
008
160720b xxu||||| |||| 00| 0 eng d
100
_9
3072
_a
Phukan M
245
_a
Chumki posts a Letter
260
_a
New Delhi
_b
Children Book Trust
_c
2011
999
_c
2635
_d
2635